Legal Aspects of HIV/AIDS A Guide for Policy and Law Reform /

Detalles Bibliográficos
Autor Corporativo: World Bank
Otros Autores: Gable, Lance
Formato: Desconocido
Lenguaje:inglés
Publicado: Washington, DC : World Bank, 2007
Acceso en línea:Acceso restringido

MARC

LEADER 00000ny a22000003n 4500
005 20110622131336.0
008 040504s2007 dcu s i001 0 eng d
020 |a 0821371061 
035 |a 2248 
040 |a UMA.RE  |d vLex 
080 |a 341:616.9(0.034) 
080 |a 614(0.034) 
080 |a 616.9:341(0.034) 
090 |c 1009  |d 1009 
245 0 0 |a Legal Aspects of HIV/AIDS  |h [Recurso electrn̤ico]  |b A Guide for Policy and Law Reform /  |c Lance Gable ... [et al.] 
256 |a Servicio en ln̕ea. 
260 |a Washington, DC :  |b World Bank,  |c 2007 
506 1 |a Contenido solo disponible en los productos indicados  |d vLex Global  |d vLex Global (Academic Edition, excluding Law Schools)  |d vLex Global (U.S. Academic Edition, Law Schools)  |d vLex Global (U.S. Academic Edition, excluding Law Schools)  |d vLex Global (Academic Edition, Law Schools) 
700 1 |a Gable, Lance 
710 2 |a World Bank 
740 0 |a vLex Libros (Servicios en ln̕ea) 
856 4 0 |u http://vlex.com/source/2248  |z Acceso restringido 
942 |c BOOK 
999 0 4 |a Derecho internacional pb︢lico  |v En ln̕ea 
999 0 4 |a Salud pb︢lica  |v En ln̕ea 
999 0 4 |a Sida  |v En ln̕ea